000 00916nam a2200289 a 4500
001 000108470
003 CHAP
005 20220329144013.0
008 140217s2012 mx a |r| |||0|||spa d
010 _a104932
011 _a105904
020 _a9786071202796
040 _cCHAP
082 0 4 _a634.9560972
_bD31
245 0 0 _aDeforestaión, desertificación y reforestación /
_cCompilado por Maria de Lourdes de la Isla de Bauer.
260 _aMontecillo, Estado de Mexico. :
_bComite de Acción para el Saneamiento del Ambiente A.C.,
_c2012.
300 _a181 p. :
_bil.
590 _aE5652GLJ
_b05
_c20140217
_lUCH01
_h1238
650 1 4 _aBosques
_xPlagas.
_914363
650 1 4 _aDesertificación.
_932128
650 1 4 _aDesforestación.
_932131
650 1 4 _aRecursos forestales.
_995025
700 0 _aIsla de Bauer, María de Lourdes de la
_ecomp.
_960567
901 _aBK
942 _cLIBRO
942 _n0
999 _c104932
_d104932